000 00346nam a2200133Ia 4500
008 100328s9999 xx 000 0 und d
082 _b61334
100 _aमहाडीक नलिनी.
245 _a96 कुळी.
260 _bमनोकामना.
630 _a96 कुळी.
730 _a96 कुळी.
942 _cBOOK
999 _c547426
_d547423